| 000 | 00575nam a2200193Ia 4500 | ||
|---|---|---|---|
| 005 | 20250326140624.0 | ||
| 008 | 250326s9999 xx 000 0 und d | ||
| 020 | _a0-07-031846-8 | ||
| 037 | _aTextbook | ||
| 040 |
_aFMSL _beng _cFMSL |
||
| 041 |
_aeng _2eng |
||
| 084 |
_aXobD658(2:55) P0 _qFMSL |
||
| 100 |
_aBonnett Kendra R _9742711 |
||
| 245 | 0 |
_aIBM guide to doing business on the internet _cBonnett Kendra R |
|
| 260 |
_aNew York _bNew York, McGraw Hill _c2000 |
||
| 300 | _ax,261 | ||
| 942 |
_cTB _hXobD658(2:55) P0 |
||
| 999 |
_c1286602 _d1286602 |
||